000
00258nam a2200109Ia 4500
008
240625s9999 xx 000 0 und d
041
_a
eng
082
_a
658 PIP
100
_a
PIPE STEVE
245
_a
STRESS PROOF YOUR BUSINESS AND YOUR LIFE
365
_c
RS
_b
5
999
_c
32870
_d
32870